[Event "XVII Autunno Scacchistico A"]
[Site "Venezia ITA"]
[Date "2011.10.30"]
[Round "1"]
[White "Basso, Pier Luigi"]
[Black "Guerra, Alessandro"]
[Result "1/2-1/2"]
[WhiteElo "2051"]
[BlackElo "2204"]
[PlyCount "33"]
[EventDate "2011.10.30"]

1. e4 e5 2. Nf3 Nc6 3. d4 exd4 4. Bc4 Nf6 5. O-O d6 6. Nxd4 Be7 7. Nxc6 bxc6 8.
Nc3 O-O 9. Re1 Bg4 10. f3 Be6 11. Bxe6 fxe6 12. e5 Nd5 13. exd6 cxd6 14. Rxe6
Nc7 15. Re1 d5 16. Be3 Bd6 17. Bf2 1/2-1/2

[Event "XVII Autunno Scacchistico A"]
[Site "Venezia ITA"]
[Date "2011.10.30"]
[Round "1"]
[White "Bianchi, Andrea"]
[Black "Zamengo, Fulvio"]
[Result "1-0"]
[WhiteElo "2142"]
[BlackElo "2002"]
[PlyCount "119"]
[EventDate "2011.10.30"]

1. e4 e6 2. d3 c5 3. g3 g6 4. Bg2 Bg7 5. Nf3 Nc6 6. O-O Nge7 7. c3 O-O 8. a4 d5
9. Qc2 b6 10. Re1 Bb7 11. Nbd2 Qd7 12. Nf1 d4 13. c4 e5 14. Bd2 a5 15. h4 f5
16. Ng5 h6 17. Nh3 Nb4 18. Bxb4 axb4 19. b3 f4 20. Kh2 f3 21. Bh1 Qg4 22. Nd2
g5 23. Ng1 gxh4 24. Bxf3 Qe6 25. Qd1 Bc8 26. Qe2 hxg3+ 27. fxg3 Bf6 28. Bg2 Nc6
29. Rf1 Bg5 30. Rxf8+ Kxf8 31. Rf1+ Kg7 32. Bh3 Qe7 33. Bf5 Bxd2 34. Qxd2 Bxf5
35. exf5 Rf8 36. Qd1 Qg5 37. Nh3 Qf6 38. g4 Kf7 39. Re1 Rg8 40. Qf3 Qh4 41.
Qxc6 Qxe1 42. Qe6+ Kg7 43. Qg6+ Kf8 44. Qf6+ Ke8 45. Qe6+ Kf8 46. Qf6+ Ke8 47.
Qe6+ Kf8 48. f6 Qe2+ 49. Kg3 Qxd3+ 50. Kh4 Rxg4+ 51. Qxg4 Qh7 52. Qc8+ Kf7 53.
Qb7+ Kg8 54. Qd5+ Qf7 55. Qxe5 d3 56. Nf2 d2 57. Qg3+ Kh8 58. Qf4 Kh7 59. Qd6
Kg6 60. Ng4 1-0

[Event "XVII Autunno Scacchistico A"]
[Site "Venezia ITA"]
[Date "2011.10.30"]
[Round "1"]
[White "Bonafede, Alessandro"]
[Black "Faccia, Sergio"]
[Result "1-0"]
[WhiteElo "2364"]
[BlackElo "2078"]
[PlyCount "95"]
[EventDate "2011.10.30"]

1. e4 e5 2. Nf3 f5 3. Nxe5 Qf6 4. d4 d6 5. Nc4 fxe4 6. Nc3 Qg6 7. Bf4 Nf6 8.
Qd2 Be7 9. O-O-O O-O 10. h3 a6 11. Be3 b5 12. Na5 d5 13. f4 Bd7 14. g4 b4 15.
Ne2 Bb5 16. f5 Qe8 17. Kb1 Nc6 18. Nb3 a5 19. Nf4 Bxf1 20. Rhxf1 a4 21. Nc5 b3
22. g5 bxa2+ 23. Ka1 Nd7 24. Nfe6 Nb6 25. Nxf8 Nc4 26. Qc3 Bxf8 27. f6 Qc8 28.
f7+ Kh8 29. Bc1 Rb8 30. Kxa2 Nb4+ 31. Ka1 e3 32. Rf3 c6 33. Bxe3 Na6 34. Nxa6
Qxa6 35. Bc1 g6 36. Re1 Rb3 37. Re8 Kg7 38. Rxf8 Kxf8 39. Qe1 Nd6 40. Rf4 Nxf7
41. Qe5 Rb7 42. Qh8+ Ke7 43. Qxh7 Kf8 44. Qh8+ Ke7 45. Qg7 Kd8 46. Qf8+ Kc7 47.
Rxf7+ Kb6 48. Qc5# 1-0

[Event "XVII Autunno Scacchistico A"]
[Site "Venezia ITA"]
[Date "2011.10.30"]
[Round "1"]
[White "Capaliku, Aleks"]
[Black "Dragojlovic, Andjelko"]
[Result "0-1"]
[WhiteElo "2097"]
[BlackElo "2381"]
[PlyCount "60"]
[EventDate "2011.10.30"]

1. f4 g6 2. Nf3 Bg7 3. e3 Nf6 4. d4 O-O 5. Bd3 d6 6. O-O c5 7. c3 Nc6 8. Bc2
cxd4 9. exd4 b5 10. a3 Rb8 11. Nbd2 e5 12. fxe5 dxe5 13. Nb3 Qb6 14. Kh1 Bg4
15. h3 Bxf3 16. Qxf3 exd4 17. Nxd4 Nxd4 18. cxd4 Qxd4 19. Bg5 Nd7 20. Bb3 Ne5
21. Qg3 Nc4 22. Rad1 Qxb2 23. Be7 Rfe8 24. Bxc4 bxc4 25. Rd7 Qe5 26. Bd6 Qxg3
27. Bxg3 Red8 28. Rdxf7 Rf8 29. Rxf8+ Rxf8 30. Rc1 c3 0-1

[Event "XVII Autunno Scacchistico A"]
[Site "Venezia ITA"]
[Date "2011.10.30"]
[Round "1"]
[White "Cardarelli, Angelo"]
[Black "Pastres, Roberto"]
[Result "0-1"]
[WhiteElo "2018"]
[BlackElo "2150"]
[PlyCount "52"]
[EventDate "2011.10.30"]

1. e4 c5 2. Nf3 e6 3. d4 cxd4 4. Nxd4 a6 5. Nc3 Qc7 6. Be3 Bb4 7. Qd2 Nf6 8. f3
d5 9. exd5 Nxd5 10. Nde2 Nxe3 11. Qxe3 O-O 12. O-O-O b5 13. h4 Bb7 14. h5 Bc5
15. Qg5 Be7 16. Qg4 Nc6 17. h6 g6 18. Nf4 Ne5 19. Qg3 Rac8 20. Rd2 Rfd8 21. Qe1
Nxf3 22. Rxd8+ Bxd8 23. Nxe6 Nxe1 24. Nxc7 Bxc7 25. Bxb5 Bf4+ 26. Kd1 Nxg2 0-1

[Event "XVII Autunno Scacchistico A"]
[Site "Venezia ITA"]
[Date "2011.10.30"]
[Round "1"]
[White "Genocchio, Daniele"]
[Black "Gallana, Marco"]
[Result "1-0"]
[WhiteElo "2432"]
[BlackElo "2131"]
[PlyCount "49"]
[EventDate "2011.10.30"]

1. e4 c6 2. d4 d5 3. exd5 cxd5 4. c4 e6 5. Nc3 Nf6 6. Nf3 Bb4 7. cxd5 Nxd5 8.
Bd2 Be7 9. Bd3 Nc6 10. O-O h6 11. a3 O-O 12. Re1 Nf6 13. Be3 b6 14. Qd2 Nd5 15.
Bxh6 Bd7 16. Rad1 Na5 17. Bb1 Re8 18. Qd3 Nf6 19. Bg5 Rc8 20. Ne5 Nc6 21. Nxc6
Bxc6 22. d5 Bxd5 23. Bxf6 Bxf6 24. Qh7+ Kf8 25. Qh8+ 1-0

[Event "XVII Autunno Scacchistico A"]
[Site "Venezia ITA"]
[Date "2011.10.30"]
[Round "1"]
[White "Locci, Damiano"]
[Black "Solomon, Kenny"]
[Result "0-1"]
[WhiteElo "2127"]
[BlackElo "2426"]
[PlyCount "74"]
[EventDate "2011.10.30"]

1. c4 Nf6 2. Nc3 c5 3. Nf3 b6 4. g3 Bb7 5. Bg2 e6 6. O-O a6 7. Re1 d6 8. e4
Nbd7 9. d4 cxd4 10. Nxd4 Qc8 11. Qe2 Be7 12. Be3 Ne5 13. Rac1 Qxc4 14. Qxc4
Nxc4 15. e5 dxe5 16. Bxb7 exd4 17. Bxa8 dxe3 18. fxe3 Nxb2 19. Bc6+ Kf8 20. Rb1
Nc4 21. Bb7 Bc5 22. Nd1 a5 23. Kg2 Ke7 24. Ba6 Ne5 25. Nc3 Ra8 26. Be2 Rb8 27.
Rbd1 Kf8 28. Nb5 Nd5 29. Rc1 Nxe3+ 30. Kh3 g5 31. g4 Rd8 32. Kg3 f5 33. Nc7 Kf7
34. gxf5 exf5 35. Bh5+ Kf6 36. Ne8+ Ke7 37. h3 Rd7 0-1

[Event "XVII Autunno Scacchistico A"]
[Site "Venezia ITA"]
[Date "2011.10.30"]
[Round "1"]
[White "Mrdja, Milan"]
[Black "Redo, Giorgio"]
[Result "1/2-1/2"]
[WhiteElo "2402"]
[BlackElo "2114"]
[PlyCount "118"]
[EventDate "2011.10.30"]

1. e4 c5 2. Nf3 Nc6 3. Bb5 d6 4. d4 cxd4 5. Qxd4 Bd7 6. Bxc6 Bxc6 7. Nc3 Nf6 8.
Bg5 Qa5 9. O-O-O h6 10. Bxf6 gxf6 11. Kb1 Qc5 12. Qd2 e6 13. Rhe1 Be7 14. Nd4
O-O-O 15. f4 d5 16. Nxc6 bxc6 17. exd5 cxd5 18. f5 d4 19. Ne2 e5 20. Ng3 Kb8
21. Ne4 Qb6 22. Qd3 Bb4 23. Rf1 Rd5 24. Qb3 Qb7 25. c4 Rd6 26. Nxd6 Bxd6 27.
Rf3 Qxb3 28. Rxb3+ Kc7 29. Kc2 Rg8 30. Rg3 Re8 31. Kd3 e4+ 32. Ke2 Bxg3 33.
hxg3 Rd8 34. b4 a5 35. a3 axb4 36. axb4 Kc6 37. Ra1 Kd6 38. Ra5 d3+ 39. Ke3 Re8
40. Rd5+ Kc6 41. Rc5+ Kd6 42. Ra5 h5 43. Ra6+ Kc7 44. b5 Rd8 45. Ra1 Kb6 46.
Kxe4 Kc5 47. Ke3 Kxc4 48. Kd2 Re8 49. Ra4+ Kxb5 50. Rh4 Re2+ 51. Kxd3 Rxg2 52.
Rxh5 Rxg3+ 53. Ke4 Rg4+ 54. Kf3 Rg5 55. Rh7 Rxf5+ 56. Ke4 Rf1 57. Rxf7 Kc5 58.
Rd7 Kc6 59. Rd8 Rf2 1/2-1/2

[Event "XVII Autunno Scacchistico A"]
[Site "Venezia ITA"]
[Date "2011.10.30"]
[Round "1"]
[White "Omeri, Silvan"]
[Black "Rorato, Renzo"]
[Result "1-0"]
[WhiteElo "2199"]
[BlackElo "2044"]
[PlyCount "55"]
[EventDate "2011.10.30"]

1. d4 d5 2. c4 dxc4 3. Nc3 a6 4. a4 Nc6 5. e3 Na5 6. Nf3 Bg4 7. h3 Bh5 8. g4
Bg6 9. Ne5 e6 10. Nxc4 Nxc4 11. Bxc4 h5 12. Bd2 hxg4 13. Qxg4 Qd7 14. Qg2 c6
15. a5 Rd8 16. Na4 Bd6 17. Nb6 Qe7 18. Bc3 Nf6 19. f3 Nd5 20. Kd2 Bb4 21. Nxd5
cxd5 22. Bd3 Bxc3+ 23. bxc3 Rh6 24. Rhb1 Bxd3 25. Kxd3 Rg6 26. Qh2 Rd6 27. Rb4
Qc7 28. Rab1 1-0

[Event "XVII Autunno Scacchistico A"]
[Site "Venezia ITA"]
[Date "2011.10.30"]
[Round "1"]
[White "Pfeifer, Andreas"]
[Black "Gromovs, Sergejs"]
[Result "0-1"]
[WhiteElo "2067"]
[BlackElo "2297"]
[PlyCount "40"]
[EventDate "2011.10.30"]

1. d4 d5 2. Bf4 Bf5 3. c4 c6 4. Qb3 b6 5. Nc3 e6 6. e3 Bd6 7. Bg3 Bxg3 8. hxg3
Nf6 9. Nf3 h6 10. Be2 O-O 11. O-O Nbd7 12. cxd5 exd5 13. Rac1 Qe7 14. Qa4 Qe6
15. b4 Ng4 16. Qb3 Ndf6 17. Ba6 b5 18. Rfe1 Bd3 19. Nxb5 cxb5 20. Bb7 Bc4 0-1

[Event "XVII Autunno Scacchistico A"]
[Site "Venezia ITA"]
[Date "2011.10.30"]
[Round "1"]
[White "Sorbera, Giovanni"]
[Black "Maccapan, Fabio"]
[Result "1-0"]
[WhiteElo "2178"]
[BlackElo "2022"]
[PlyCount "49"]
[EventDate "2011.10.30"]

1. e4 e6 2. d4 d5 3. Nc3 Bb4 4. Nge2 dxe4 5. a3 Be7 6. Nxe4 Nc6 7. Be3 b6 8. c4
Bb7 9. Qc2 Nf6 10. Nxf6+ Bxf6 11. O-O-O Qe7 12. Rg1 O-O-O 13. g4 h6 14. Bg2 Na5
15. Bxb7+ Nxb7 16. c5 Kb8 17. c6 Nd6 18. Kb1 g5 19. Qa4 Ka8 20. Ng3 Rhe8 21.
Qa6 Rb8 22. d5 Be5 23. Ne2 exd5 24. Rxd5 Bxh2 25. Qxa7+ 1-0

[Event "XVII Autunno Scacchistico A"]
[Site "Venezia ITA"]
[Date "2011.10.30"]
[Round "1"]
[White "Xia, Jie"]
[Black "Gallo, Enrico"]
[Result "1-0"]
[WhiteElo "2249"]
[BlackElo "2066"]
[PlyCount "75"]
[EventDate "2011.10.30"]

1. d4 d5 2. Nc3 e6 3. e4 Bb4 4. Nge2 c5 5. exd5 exd5 6. a3 cxd4 7. Qxd4 Nc6 8.
Qxg7 Bxc3+ 9. Nxc3 Qe7+ 10. Be2 Be6 11. Qxh8 O-O-O 12. Qg7 d4 13. Bg5 f6 14.
Qxe7 Ncxe7 15. Ne4 fxg5 16. Nxg5 Bf5 17. Bd3 Bxd3 18. cxd3 Nf6 19. Kd2 Rg8 20.
Nh3 Rxg2 21. Rag1 Rxg1 22. Rxg1 Ned5 23. Rg7 h5 24. Rf7 h4 25. Nf4 Nxf4 26.
Rxf6 Nh3 27. Ke2 Kd7 28. Rh6 Ng1+ 29. Kf1 Nf3 30. h3 a5 31. Rf6 Ng5 32. Kg2 Ne6
33. Kf3 Nc5 34. Rf4 Ne6 35. Rxh4 Kd6 36. Rh6 Ke5 37. Rxe6+ Kxe6 38. Ke4 1-0

[Event "XVII Autunno Scacchistico A"]
[Site "Venezia ITA"]
[Date "2011.10.31"]
[Round "2"]
[White "Dragojlovic, Andjelko"]
[Black "Sorbera, Giovanni"]
[Result "1/2-1/2"]
[WhiteElo "2381"]
[BlackElo "2178"]
[PlyCount "53"]
[EventDate "2011.10.30"]

1. Nf3 Nf6 2. g3 g6 3. Bg2 Bg7 4. O-O d5 5. d3 O-O 6. Nbd2 Nc6 7. c3 e5 8. e4
dxe4 9. dxe4 Qe7 10. b4 Rd8 11. Qe2 Be6 12. Bb2 Ne8 13. a4 f6 14. b5 Na5 15. c4
Nd6 16. Rfc1 Qf8 17. Bf1 c5 18. bxc6 Nxc6 19. c5 Ne8 20. Nc4 Bf7 21. Qe3 Rac8
22. Rd1 Rc7 23. Rac1 Rdc8 24. Na3 Nb8 25. Nb5 Rxc5 26. Rxc5 Rxc5 27. Nxa7
1/2-1/2

[Event "XVII Autunno Scacchistico A"]
[Site "Venezia ITA"]
[Date "2011.10.31"]
[Round "2"]
[White "Faccia, Sergio"]
[Black "Allegranti, Luca"]
[Result "1-0"]
[WhiteElo "2078"]
[BlackElo "2025"]
[PlyCount "159"]
[EventDate "2011.10.30"]

1. e4 b6 2. d4 Bb7 3. Nc3 Nf6 4. Bd3 Nc6 5. Nf3 Nb4 6. O-O Nxd3 7. Qxd3 e6 8.
e5 Ng4 9. h3 Nh6 10. Ne4 d5 11. exd6 cxd6 12. c4 Ba6 13. d5 e5 14. Re1 Qc7 15.
Bxh6 gxh6 16. Nf6+ Kd8 17. Rac1 Bg7 18. Nh5 f6 19. b4 Qf7 20. Ng3 h5 21. Qa3
Bb7 22. Nf5 Bf8 23. Red1 a5 24. Qe3 axb4 25. Qxb6+ Qc7 26. Qxb4 Rxa2 27. Qb3
Ra5 28. Rb1 Bc8 29. Ne3 Rg8 30. Kh1 f5 31. Nc2 Rc5 32. Nb4 Qg7 33. Ne1 Bb7 34.
Nc6+ Bxc6 35. Qb8+ Ke7 36. dxc6 Kf6 37. Rb7 Be7 38. Qa7 Rxc6 39. Rc7 Rxc7 40.
Qxc7 Bf8 41. Qc6 Qa7 42. Nd3 Qd4 43. Qa4 Qe4 44. f3 Qe2 45. Ne1 Be7 46. Qb3 Rb8
47. Qxb8 Qxd1 48. Qh8+ Ke6 49. Qc8+ Kf6 50. Qh8+ Kf7 51. Qxh7+ Ke6 52. Qg6+ Kd7
53. Qxf5+ Kc7 54. Qe4 Bg5 55. Kh2 h4 56. c5 Bf4+ 57. Kg1 Bg3 58. cxd6+ Kxd6 59.
Kf1 Qa1 60. Qd3+ Kc5 61. Qd2 Qa6+ 62. Qd3 Qa2 63. Qc2+ Qc4+ 64. Qxc4+ Kxc4 65.
Ke2 Bf4 66. Nd3 Bg3 67. Ke3 Kd5 68. Nb4+ Kc5 69. Nd3+ Kd5 70. Nf2 Bf4+ 71. Kd3
Bg3 72. Ne4 Bf4 73. Nc3+ Kc5 74. Ke4 Kc4 75. Nd5 Bg3 76. Ne7 Kc3 77. Nf5 Be1
78. Kxe5 Kd3 79. Kf4 Ke2 80. Kg4 1-0

[Event "XVII Autunno Scacchistico A"]
[Site "Venezia ITA"]
[Date "2011.10.31"]
[Round "2"]
[White "Gallo, Enrico"]
[Black "Cardarelli, Angelo"]
[Result "1-0"]
[WhiteElo "2066"]
[BlackElo "2018"]
[PlyCount "111"]
[EventDate "2011.10.30"]

1. e4 c5 2. Nf3 d6 3. d4 cxd4 4. Nxd4 Nf6 5. Nc3 e6 6. Bc4 Nc6 7. Be3 a6 8. Bb3
Be7 9. Qe2 Qc7 10. O-O-O O-O 11. g4 Nxd4 12. Rxd4 Nd7 13. g5 Nc5 14. h4 b5 15.
f3 Bb7 16. Kb1 Rac8 17. h5 f5 18. Rg1 f4 19. Bc1 d5 20. Rdd1 Nxb3 21. axb3 b4
22. exd5 bxc3 23. Qxe6+ Kh8 24. h6 Qd6 25. hxg7+ Kxg7 26. Qg4 Rc5 27. bxc3 Rxd5
28. Rde1 Bc8 29. Qh5 Bd8 30. c4 Ra5 31. Bb2+ Kg8 32. Bf6 Bf5 33. Qh6 Qc7 34.
Bc3 Bg6 35. Re6 Qf7 36. Rge1 Bxg5 37. Rxg6+ Qxg6 38. Qxg6+ hxg6 39. Bxa5 Kf7
40. Bc7 Rc8 41. Bd6 Bh4 42. Re4 g5 43. b4 Re8 44. Rd4 Re1+ 45. Ka2 Re3 46. b5
axb5 47. cxb5 Bf2 48. b6 Rxf3 49. b7 Bxd4 50. b8=Q Kg6 51. Qb4 Kf5 52. Qxd4 Kg4
53. Qd1 Kg3 54. Be7 Rf2 55. Bxg5 f3 56. Kb3 1-0

[Event "XVII Autunno Scacchistico A"]
[Site "Venezia ITA"]
[Date "2011.10.31"]
[Round "2"]
[White "Maccapan, Fabio"]
[Black "Capaliku, Aleks"]
[Result "0-1"]
[WhiteElo "2022"]
[BlackElo "2097"]
[PlyCount "122"]
[EventDate "2011.10.30"]

1. d4 f5 2. e4 fxe4 3. Nc3 Nf6 4. Bg5 g6 5. h4 h6 6. Bxf6 exf6 7. Nxe4 Qe7 8.
Qe2 Kf7 9. Ng3 d5 10. O-O-O Qxe2 11. Bxe2 Bd6 12. Bd3 h5 13. N1e2 Be6 14. Nf1
Nd7 15. g3 c5 16. c3 c4 17. Bc2 Bg4 18. Re1 Bf3 19. Rg1 Rhe8 20. Ne3 Re7 21.
Nf4 Bxf4 22. gxf4 f5 23. Rg3 Be4 24. Bxe4 Rxe4 25. Rd1 Nf8 26. Nxd5 Rae8 27.
Re3 Ne6 28. Rde1 Rd8 29. Rxe4 fxe4 30. Nb4 a5 31. Nc2 Nxf4 32. Rxe4 Nd3+ 33.
Kb1 Re8 34. f3 Rxe4 35. fxe4 g5 36. hxg5 h4 37. Ne3 h3 38. Nf1 Kg6 39. Kc2 Kxg5
40. Nh2 Kf4 41. e5 Kf5 42. Nf1 b5 43. a3 Nf4 44. Kd2 Ke4 45. Nh2 Kd5 46. Kc2
Nd3 47. Kb1 Ke6 48. Kc2 Ne1+ 49. Kd2 Nd3 50. Kc2 Kf5 51. Kb1 Nf4 52. Kc2 Nd5
53. Kd2 Kf4 54. Ke2 Ke4 55. Kd2 Nf4 56. Kc2 Ke3 57. Ng4+ Kf3 58. Nh2+ Kg2 59.
Ng4 Kg3 60. Ne3 Nd5 61. Nxd5 h2 0-1

[Event "XVII Autunno Scacchistico A"]
[Site "Venezia ITA"]
[Date "2011.10.31"]
[Round "2"]
[White "Pastres, Roberto"]
[Black "Bonafede, Alessandro"]
[Result "0-1"]
[WhiteElo "2150"]
[BlackElo "2364"]
[PlyCount "106"]
[EventDate "2011.10.30"]

1. d4 f5 2. f3 d6 3. e4 e5 4. dxe5 fxe4 5. Nc3 Nc6 6. Bb5 Bd7 7. e6 Bxe6 8.
Nxe4 Qh4+ 9. g3 Qe7 10. Bg5 Nf6 11. Bxc6+ bxc6 12. Qd4 Kf7 13. O-O-O h6 14. Re1
d5 15. Nxf6 gxf6 16. Bd2 Qc5 17. Ne2 Qxd4 18. Nxd4 Bd7 19. Bf4 c5 20. Ne2 Rc8
21. g4 h5 22. h3 Bg7 23. Ng3 h4 24. Nf1 d4 25. Nd2 Bc6 26. b3 Bd5 27. Re2 Rhe8
28. Rhe1 Rxe2 29. Rxe2 Bf8 30. Kd1 a5 31. Ke1 a4 32. Kf2 Bd6 33. Bxd6 cxd6 34.
Ne4 Rc6 35. Rd2 Ra6 36. Ke2 Ke6 37. Kd3 Bc6 38. c3 axb3 39. axb3 Ra3 40. Rb2
Bb5+ 41. c4 Bc6 42. f4 Ra1 43. f5+ Ke7 44. Re2 Rd1+ 45. Nd2+ Kf7 46. Re6 Rh1
47. Rxd6 Rxh3+ 48. Kc2 Bg2 49. b4 Rc3+ 50. Kb2 h3 51. Rd7+ Ke8 52. Rh7 cxb4 53.
Nb3 Rxc4 0-1

[Event "XVII Autunno Scacchistico A"]
[Site "Venezia ITA"]
[Date "2011.10.31"]
[Round "2"]
[White "Redo, Giorgio"]
[Black "Del Monaco, Andrea"]
[Result "0-1"]
[WhiteElo "2114"]
[BlackElo "2315"]
[PlyCount "70"]
[EventDate "2011.10.30"]

1. f4 d5 2. Nf3 g6 3. e3 Bg7 4. c4 Nf6 5. Nc3 O-O 6. Qb3 dxc4 7. Bxc4 Nc6 8.
Ne5 Nxe5 9. fxe5 Nd7 10. d4 Nb6 11. O-O Nxc4 12. Qxc4 c6 13. e4 b5 14. Qc5 Qb6
15. b4 Be6 16. Qxb6 axb6 17. Bg5 f6 18. exf6 exf6 19. Bf4 Bc4 20. Rf3 f5 21. e5
Rfd8 22. Rd1 Bf8 23. Bg5 Rd7 24. d5 cxd5 25. e6 Rd6 26. e7 Bg7 27. Nxd5 Kf7 28.
Ne3 Rxd1+ 29. Nxd1 h6 30. Be3 Rxa2 31. Bf2 Ra1 32. e8=Q+ Kxe8 33. Re3+ Kf7 34.
Re1 f4 35. h3 Bb3 0-1

[Event "XVII Autunno Scacchistico A"]
[Site "Venezia ITA"]
[Date "2011.10.31"]
[Round "2"]
[White "Rorato, Renzo"]
[Black "Locci, Damiano"]
[Result "1/2-1/2"]
[WhiteElo "2044"]
[BlackElo "2127"]
[PlyCount "80"]
[EventDate "2011.10.30"]

1. Nf3 Nc6 2. d4 d5 3. c4 Bg4 4. cxd5 Bxf3 5. dxc6 Bxc6 6. f3 e6 7. Nc3 Bd6 8.
Be3 Qe7 9. Bf2 O-O-O 10. e4 f5 11. e5 Bxe5 12. Bc4 Bxd4 13. Bxd4 Qh4+ 14. g3
Qxd4 15. Qxd4 Rxd4 16. Bxe6+ Kb8 17. Bxf5 Bxf3 18. O-O Bc6 19. Bd7 Nf6 20. Bxc6
bxc6 21. Rae1 Rhd8 22. Re7 R8d7 23. Rfe1 Rxe7 24. Rxe7 Rd7 25. Rxd7 Nxd7 26.
Ne4 h6 27. Kf2 Kb7 28. Ke3 Kb6 29. Kd4 Kb5 30. g4 Kb4 31. h4 a5 32. g5 a4 33.
g6 a3 34. bxa3+ Kxa3 35. Nc5 Nf8 36. h5 Kxa2 37. Kc3 Ka3 38. Kc4 Kb2 39. Kb4
Kc2 40. Kc4 Kd2 1/2-1/2

[Event "XVII Autunno Scacchistico A"]
[Site "Venezia ITA"]
[Date "2011.10.31"]
[Round "2"]
[White "Solinas, Carlo"]
[Black "Xia, Jie"]
[Result "0-1"]
[WhiteElo "1994"]
[BlackElo "2249"]
[PlyCount "154"]
[EventDate "2011.10.30"]

1. e4 Nf6 2. e5 Nd5 3. Nc3 Nxc3 4. dxc3 d5 5. f4 g6 6. Be2 Bg7 7. h4 h5 8. g4
hxg4 9. Bxg4 Bxg4 10. Qxg4 Qd7 11. Qg2 Nc6 12. Be3 O-O-O 13. O-O-O Bh6 14. Qd2
d4 15. cxd4 Qd5 16. Ne2 Qxa2 17. Nc3 Qa1+ 18. Nb1 e6 19. Qc3 Bf8 20. Qb3 a5 21.
Qc4 a4 22. Kd2 Qxb2 23. Qxa4 Qb4+ 24. Qxb4 Bxb4+ 25. c3 Be7 26. Rh3 Rxh4 27.
Rxh4 Bxh4 28. Rh1 Rh8 29. c4 Ne7 30. Nc3 Nf5 31. Bf2 Rh5 32. Bxh4 Nxh4 33. Rh3
Nf5 34. Rd3 Rh2+ 35. Ke1 Rh4 36. Ne2 c6 37. Kf2 Rh2+ 38. Kf1 Kc7 39. Ra3 Kb8
40. Rd3 b6 41. Ke1 Kb7 42. d5 exd5 43. cxd5 cxd5 44. Rxd5 Kc7 45. Rd3 Rh4 46.
Rc3+ Kb7 47. Rd3 Rh1+ 48. Kd2 Kc6 49. Rc3+ Kd7 50. Rd3+ Ke7 51. Nc3 Rh2+ 52.
Kc1 Rf2 53. Nd5+ Kf8 54. Nf6 Rxf4 55. Rd8+ Kg7 56. Rg8+ Kh6 57. Rf8 Rc4+ 58.
Kd2 Rc7 59. Rb8 Nd4 60. Ke3 Nc6 61. Re8 Kg5 62. Nd5 Rb7 63. e6 fxe6 64. Rxe6
Na5 65. Nxb6 Rxb6 66. Re5+ Kg4 67. Rxa5 Rf6 68. Ra8 Kg3 69. Rg8 Re6+ 70. Kd2
Kh4 71. Rh8+ Kg4 72. Kd3 g5 73. Kd4 Kg3 74. Ra8 g4 75. Ra3+ Kh2 76. Ra2+ Kh3
77. Ra8 g3 0-1

[Event "XVII Autunno Scacchistico A"]
[Site "Venezia ITA"]
[Date "2011.10.31"]
[Round "2"]
[White "Solomon, Kenny"]
[Black "Omeri, Silvan"]
[Result "1-0"]
[WhiteElo "2426"]
[BlackElo "2199"]
[PlyCount "95"]
[EventDate "2011.10.30"]

1. d4 d5 2. Nf3 Bf5 3. c4 dxc4 4. Nc3 Nf6 5. e3 c6 6. Bxc4 e6 7. O-O Nbd7 8.
Re1 Ne4 9. Nd2 Nxd2 10. Bxd2 Nb6 11. Bb3 Bg6 12. Qe2 Be7 13. Red1 O-O 14. a3
Bf6 15. Rac1 Qe7 16. f4 Rfd8 17. Qf3 a5 18. g4 a4 19. Ba2 h6 20. Ne2 Kh8 21.
Bb4 Qe8 22. e4 Be7 23. f5 exf5 24. gxf5 Bh7 25. Bc3 Bf6 26. Ng3 Nc8 27. Nh5 Bg5
28. Qg4 Qf8 29. d5 f6 30. dxc6 bxc6 31. h4 Be3+ 32. Kh1 Nd6 33. Ra1 Nb5 34. Be6
Bd4 35. Bb4 c5 36. Rxd4 cxb4 37. Rxb4 Nd6 38. Rg1 Ra7 39. Rd4 Nf7 40. Rxd8 Nxd8
41. Bd5 Bg8 42. Bxg8 Kxg8 43. e5 Rf7 44. e6 Rb7 45. Qxa4 Kh7 46. Qe4 Qe8 47.
Rxg7+ Kh8 48. Nxf6 1-0

[Event "XVII Autunno Scacchistico A"]
[Site "Venezia ITA"]
[Date "2011.10.31"]
[Round "2"]
[White "Zamengo, Fulvio"]
[Black "Pfeifer, Andreas"]
[Result "1-0"]
[WhiteElo "2002"]
[BlackElo "2067"]
[PlyCount "93"]
[EventDate "2011.10.30"]

1. e4 d6 2. d4 c6 3. c4 e5 4. Nc3 Nd7 5. Be3 Ngf6 6. f3 Be7 7. Nge2 a6 8. d5
cxd5 9. Nxd5 Nxd5 10. Qxd5 Nf6 11. Qd2 b5 12. Nc3 O-O 13. cxb5 axb5 14. Bxb5
Be6 15. O-O d5 16. exd5 Nxd5 17. Nxd5 Qxd5 18. Qxd5 Bxd5 19. a4 Bb4 20. Rfc1
Ba5 21. Bc5 Bd2 22. Rd1 Rfc8 23. Rxd2 Rxc5 24. Rxd5 Rxd5 25. Bc6 Rdd8 26. Bxa8
Rxa8 27. a5 Kf8 28. a6 Ke7 29. Kf2 Kd6 30. Ke3 Kd5 31. Ra5+ Kc6 32. Ke4 f6 33.
Kf5 Ra7 34. g4 Kb6 35. Ra3 Kb5 36. g5 fxg5 37. Kxg5 Kc4 38. Kf5 Kd4 39. Ke6 g5
40. h3 h5 41. Kf5 g4 42. hxg4 hxg4 43. Kxg4 Kd5 44. Kf5 Rf7+ 45. Kg6 Ra7 46.
Kf6 Kd4 47. Ke6 1-0

[Event "XVII Autunno Scacchistico A"]
[Site "Venezia ITA"]
[Date "2011.10.31"]
[Round "3"]
[White "Basso, Pier Luigi"]
[Black "Pastres, Roberto"]
[Result "1/2-1/2"]
[WhiteElo "2051"]
[BlackElo "2150"]
[PlyCount "73"]
[EventDate "2011.10.30"]

1. e4 c5 2. Nf3 e6 3. d4 cxd4 4. Nxd4 a6 5. Nc3 Qc7 6. Bd3 Bc5 7. Nb3 Be7 8.
O-O d6 9. a4 b6 10. f4 Nd7 11. e5 dxe5 12. fxe5 Nxe5 13. Bf4 Nf6 14. Bxe5 Qxe5
15. Qf3 Rb8 16. Rae1 Qc7 17. Ne4 Bb7 18. Nd4 O-O 19. Nxf6+ Bxf6 20. Bxh7+ Kxh7
21. Qh3+ Kg8 22. Rxf6 Qc5 23. Rf4 Rfd8 24. Rh4 Qxd4+ 25. Rxd4 Rxd4 26. Re2 Rbd8
27. Qc3 a5 28. h3 R8d7 29. b3 R4d5 30. Qe3 R7d6 31. Rf2 f6 32. Kh2 e5 33. Qe2
Rc5 34. Qh5 Bc6 35. Qe2 Rc3 36. Qa6 Be4 37. Qa7 1/2-1/2

[Event "XVII Autunno Scacchistico A"]
[Site "Venezia ITA"]
[Date "2011.10.31"]
[Round "3"]
[White "Bianchi, Andrea"]
[Black "Dragojlovic, Andjelko"]
[Result "0-1"]
[WhiteElo "2142"]
[BlackElo "2381"]
[PlyCount "56"]
[EventDate "2011.10.30"]

1. e4 c5 2. Nf3 g6 3. c4 Bg7 4. d4 cxd4 5. Nxd4 Qb6 6. Nb5 a6 7. Be3 Qa5+ 8.
N5c3 d6 9. Be2 f5 10. exf5 Bxf5 11. O-O Nf6 12. a3 Nc6 13. Nd2 O-O 14. b4 Qd8
15. Rc1 Ne5 16. f3 Rc8 17. Nde4 Bxe4 18. Nxe4 Nxe4 19. fxe4 Kh8 20. c5 a5 21.
cxd6 Rxf1+ 22. Bxf1 Rxc1 23. Qxc1 exd6 24. bxa5 Ng4 25. Bb6 Qxb6+ 26. axb6 Bd4+
27. Kh1 Nf2+ 28. Kg1 Nxe4+ 0-1

[Event "XVII Autunno Scacchistico A"]
[Site "Venezia ITA"]
[Date "2011.10.31"]
[Round "3"]
[White "Capaliku, Aleks"]
[Black "Solinas, Carlo"]
[Result "1/2-1/2"]
[WhiteElo "2097"]
[BlackElo "1994"]
[PlyCount "247"]
[EventDate "2011.10.30"]

1. f4 d5 2. Nf3 Nf6 3. e3 Bg4 4. b3 Bxf3 5. Qxf3 Nbd7 6. Bb2 e6 7. d4 Ne4 8.
Bd3 f5 9. O-O Ndf6 10. c4 c6 11. Rd1 Bd6 12. c5 Bc7 13. Nc3 O-O 14. b4 g5 15.
Bxe4 fxe4 16. Qh3 g4 17. Qh4 Qe8 18. Ne2 Qg6 19. Rf1 Ne8 20. h3 h5 21. hxg4
hxg4 22. Ng3 Ng7 23. Kf2 Kf7 24. Rh1 Bd8 25. Qh7 Bf6 26. Rh6 Qxh7 27. Rxh7 Rh8
28. Rah1 Rxh7 29. Rxh7 Kg6 30. Rh1 a5 31. b5 cxb5 32. Ne2 b4 33. g3 Nf5 34. Bc1
Ne7 35. Bd2 Nf5 36. Rb1 b6 37. cxb6 Rb8 38. a3 bxa3 39. Bxa5 Nd6 40. Nc3 Nc4
41. Bb4 Rxb6 42. Bxa3 Ra6 43. Bc5 Ra8 44. Rh1 Rb8 45. Rb1 Rh8 46. Nd1 Rh2+ 47.
Kg1 Rc2 48. Bb4 Kf7 49. Kf1 Be7 50. Be1 Ba3 51. Rb7+ Kf6 52. Bb4 Bc1 53. Be7+
Kg6 54. Bg5 Nd2+ 55. Ke1 Nf3+ 56. Kf1 Nxg5 57. fxg5 Rc8 58. Re7 Rc6 59. Re8 Kf7
60. Rh8 Kg6 61. Rg8+ Kh7 62. Rf8 Ba3 63. Rf4 Bd6 64. g6+ Kxg6 65. Rxg4+ Kf5 66.
Rg8 Rc1 67. Ke2 Rc2+ 68. Kf1 Kf6 69. g4 Rh2 70. Rd8 Be7 71. Rb8 Rh1+ 72. Ke2
Bd6 73. Rd8 Rh2+ 74. Kf1 Bg3 75. g5+ Kg7 76. Rc8 Rd2 77. Rc1 Kg6 78. Nc3 Rf2+
79. Kg1 Rf5 80. Nd1 Rxg5 81. Kf1 Bh2 82. Rc6 Kf5 83. Nf2 Rg3 84. Ke2 Bg1 85.
Kf1 Bxf2 86. Kxf2 Rf3+ 87. Ke2 Rh3 88. Rc8 Rh2+ 89. Ke1 Kg4 90. Rf8 Rh5 91. Ke2
Rf5 92. Rg8+ Kh5 93. Re8 Rf6 94. Rg8 Kh6 95. Rg1 Rg6 96. Rf1 Kg7 97. Rf4 Rf6
98. Rg4+ Kf7 99. Rg1 Rh6 100. Rf1+ Ke7 101. Rf4 Rh2+ 102. Kd1 Kd6 103. Rf1 Rh5
104. Ke2 Rh6 105. Rc1 Kd7 106. Rc5 Rh2+ 107. Ke1 Ra2 108. Rc3 Kd6 109. Rc8 Kd7
110. Rc3 e5 111. dxe5 Ke6 112. Rc8 Kxe5 113. Rc3 Ra5 114. Ke2 d4 115. exd4+
Kxd4 116. Rh3 Ra2+ 117. Ke1 Rg2 118. Ra3 Ke5 119. Rb3 Kf4 120. Ra3 Rb2 121. Rc3
Rb4 122. Ke2 e3 123. Rc8 Rb2+ 124. Ke1 1/2-1/2